| 000 | 00655nam a2200217Ia 4500 | ||
|---|---|---|---|
| 003 | GCL | ||
| 008 | 140319s9999 xx 000 0 ara d | ||
| 020 | _a8085931977 | ||
| 040 |
_aGCL / _cGCL |
||
| 082 | 0 | 4 |
_a239 _bس ا |
| 100 | 1 | _aسيد القمنى | |
| 245 | 1 | 0 |
_aالاسلاميات / _cسيد القمنى |
| 250 | _aالاولى | ||
| 260 |
_aالقاهرة : _bالمركز المصرى للدراسات والبحوث الاعلامية ، _c2001 |
||
| 300 |
_a606ص ؛ _c24 سم |
||
| 650 | 0 | 4 | _aالسيرة النبوية |
| 650 | 0 | 4 | _aغزوات النبى |
| 650 | 0 | 4 | _aغزوة بدر |
| 650 | 0 | 4 | _aفتح مكة |
| 942 |
_2ddc _cBK |
||
| 999 |
_c1096 _d1096 |
||